Instructor's manual to accompany statistics for business and economics

Αποθηκεύτηκε σε:
Λεπτομέρειες βιβλιογραφικής εγγραφής
Κύριος συγγραφέας: Anderson, David
Άλλοι συγγραφείς: Sweeney, Dennis J., Williams, Thomas
Μορφή: Βιβλίο
Γλώσσα:English
Δημοσίευση: St.Paul, New York : West Publishing Company, c1987
Έκδοση:3rd ed.
Θέματα:
Ετικέτες: Προσθήκη ετικέτας
Δεν υπάρχουν, Καταχωρήστε ετικέτα πρώτοι!

MARC

LEADER 00000nam a2200000 i 4500
001 1/43142
008 961105s1987 eng d
020 |a 0-314-34691-0 
035 |l 10025717 
040 |a GR-MY-UA  |b gre  |e aacr 
041 0 |a eng 
082 0 |a 519.5 
100 1 |a Anderson, David. 
245 1 0 |a Instructor's manual to accompany statistics for business and economics /  |c David R. Anderson, Dennis J. Sweeney, Thomas A. Williams 
250 |a 3rd ed. 
260 |a St.Paul, New York :   |b West Publishing Company,   |c c1987 
300 |a 384 p. 
650 0 0 |a Statistics  |x Problems, exercises, etc. 
700 1 |a Sweeney, Dennis J. 
700 1 |a Williams, Thomas. 
852 |a INST  |b CHIOS  |e 19961105  |h 519.5 AND  |p 005200011051  |q 005200011051  |t BK  |y 0 
909 |a Χ  |b 013158